Kpop idols quiz! (VERY EASY). 2026 - Statistics

Yleistilastot
  • Tätä visaa on pelattu 12 kertaa
  • Keskiarvotulos 12 / 16
Vastaustilastot
Kuvavisa Vastaus % Oikein
Jennie
100%
Lisa
100%
RM
100%
Nayeon
91%
G-Dragon
82%
Hyunjin
82%
Jungkook
82%
Yeji
82%
Chaewon
73%
Sunghoon
73%
Wonhee
73%
Wonyoung
64%
Yeonjun
64%
Eunwoo
55%
Karina
55%
Mark
55%
Ehtoja vastaavia visoja ei löytynyt
Tulosjakauma
Jokaisen tuloksen saaneiden osuus
Persentiili vastausten määrän mukaan
Tuloshistoriasi
Et ole pelannut tätä visaa